All 10k+ Cities in Europe in 1800 with a Map - Statistics

General Stats
  • This quiz has been taken 166 times
  • The average score is 217 of 561
Answers on the Map
Answers color-coded by a green-red scale on the quiz's map according to % correct below.
 
Answer Stats
Population Cities % Correct
958,000 London
97%
547,000 Paris
94%
76,000 Stockholm
94%
41,000 Danzig
93%
168,000 Dublin
93%
180,000 Lisbon
93%
156,000 Madrid
93%
220,000 Amsterdam
92%
570,000 Constantinople
92%
101,000 Copenhagen
92%
250,000 Moscow
92%
10,000 Oslo
92%
163,000 Rome
92%
12,000 Athens
91%
172,000 Berlin
91%
25,000 Buda
91%
130,000 Hamburg
91%
89,000 Lyon
91%
96,000 Marseille
91%
25,000 Pest
91%
76,000 Prague
91%
220,000 St. Petersburg
91%
232,000 Vienna
91%
63,000 Warsaw
91%
92,000 Barcelona
89%
42,000 Cologne
89%
82,000 Edinburgh
89%
124,000 Milan
89%
320,000 Naples
89%
77,000 Turin
89%
135,000 Venice
89%
77,000 Glasgow
88%
40,000 Munich
88%
43,000 Porto
88%
30,000 Riga
88%
46,000 Sofya
88%
100,000 Valencia
88%
30,000 Bucharest
87%
20,000 Kiev
87%
77,000 Liverpool
87%
70,000 Manchester
87%
11,000 Reval
87%
53,000 Rotterdam
87%
40,000 Saraybosna
87%
24,000 Belfast
86%
91,000 Bordeaux
86%
75,000 Cork
86%
54,000 Königsberg
86%
70,000 Selânik
86%
10,000 Bra
85%
81,000 Florence
85%
24,000 Krakau
85%
135,000 Palermo
85%
62,000 Antwerp
84%
33,000 Bremen
84%
35,000 Frankfurt am Main
84%
18,000 Nice
84%
81,000 Seville
84%
50,000 Toulouse
84%
61,000 Dresden
83%
12,000 Frankfurt an der Oder
83%
76,000 Genoa
83%
13,000 Gothenburg
83%
54,000 Lille
83%
53,000 Leeds
82%
18,000 Mons
82%
17,000 Bergen
81%
73,000 Birmingham
81%
66,000 Brussels
81%
56,000 Granada
81%
25,000 Vilna
81%
10,000 Zürich
81%
11,000 Bern
80%
26,000 Brest
80%
32,000 Leipzig
80%
32,000 Palma de Mallorca
80%
15,000 Pisa
80%
30,000 Pressburg
80%
16,000 Salzburg
80%
49,000 Strasbourg
80%
39,000 The Hague
80%
60,000 Bristol
79%
25,000 Geneva
79%
27,000 Nuremberg
79%
38,000 Lemberg
78%
77,000 Nantes
78%
28,000 Newcastle upon Tyne
78%
21,000 Stuttgart
78%
42,000 Zaragoza
78%
18,000 Bari
77%
11,000 Bilbao
77%
64,000 Bologna
77%
24,000 Trieste
77%
10,000 Kandiye
76%
55,000 Liège
76%
51,000 Málaga
76%
65,000 Murcia
76%
27,000 Aberdeen
75%
58,000 Breslau
75%
19,000 Düsseldorf
75%
55,000 Ghent
75%
32,000 Graz
75%
31,000 Sheffield
75%
42,000 Verona
75%
100,000 Adrianople
74%
16,000 Syracuse
74%
33,000 Utrecht
74%
16,000 Brünn
73%
36,000 Norwich
73%
24,000 Aix-la-Chapelle
72%
55,000 Messina
72%
42,000 Orléans
72%
23,000 York
72%
31,000 Bruges
71%
40,000 Kazan
71%
21,000 Posen
71%
71,000 Cádiz
69%
20,000 Cagliari
69%
38,000 Córdoba
69%
20,000 Lübeck
69%
28,000 Nottingham
69%
80,000 Rouen
69%
10,000 Cambridge
68%
11,000 Oxford
68%
16,000 Plymouth
68%
18,000 Stettin
68%
16,000 Varna
68%
45,000 Catania
67%
20,000 Linz
67%
27,000 Potsdam
67%
30,000 Filibe
66%
17,000 Hanover
66%
15,000 Basel
64%
19,000 Dijon
64%
32,000 Padua
64%
18,000 Toledo
64%
24,000 Groningen
63%
24,000 Kingston upon Hull
63%
10,000 Laibach
63%
17,000 Leicester
63%
32,000 Metz
63%
18,000 Alicante
62%
32,000 Augsburg
62%
19,000 Le Havre
62%
39,000 Limerick
62%
32,000 Montpellier
62%
26,000 Rennes
62%
28,000 Nancy
61%
34,000 Parma
61%
27,000 Bath
60%
22,000 Magdeburg
60%
21,000 Mainz
60%
22,000 Toulon
60%
11,000 Kolozsvár
59%
13,000 La Coruña
59%
22,000 Modena
59%
33,000 Portsmouth
59%
30,000 Reims
59%
27,000 Dundee
58%
21,000 Dunkirk
58%
12,000 Galway
58%
21,000 Mannheim
58%
14,000 Münster
58%
27,000 Versailles
58%
35,000 Astrakhan
57%
21,000 Avignon
57%
15,000 Banaluka
57%
23,000 Lucca
57%
10,000 Luxembourg
57%
13,000 Nizhny Novgorod
57%
12,000 Smolensk
57%
20,000 Tours
57%
31,000 Caen
56%
17,000 Exeter
56%
11,000 San Sebastián
56%
18,000 Siena
56%
17,000 Taranto
56%
20,000 Waterford
56%
17,000 Erfurt
55%
10,000 Ipswich
55%
11,000 Ulm
55%
35,000 Debrecen
54%
10,000 Ravenna
54%
12,000 Rostock
54%
11,000 Åbo
53%
15,000 Iași
53%
14,000 Pamplona
53%
36,000 Bergamo
52%
12,000 Niş
52%
16,000 Braga
51%
15,000 Como
49%
15,000 Santiago de Compostela
49%
10,000 Temesvár
49%
10,000 Ballıbadira
48%
16,000 Coventry
48%
20,000 Grenoble
48%
17,000 La Rochelle
48%
23,000 Regensburg
48%
30,000 Clermont-Ferrand
47%
15,000 Corfu
47%
50,000 Livorno
47%
21,000 Valladolid
47%
28,000 Braunschweig
46%
11,000 Chemnitz
46%
15,000 Chester
46%
11,000 Derby
46%
18,000 Kassel
46%
20,000 Kursk
46%
18,000 Maastricht
46%
41,000 Amiens
45%
30,000 Brescia
45%
20,000 Saratov
45%
32,000 Angers
44%
30,000 Ferrara
44%
12,000 Gijón
44%
22,000 Haarlem
44%
25,000 Mantua
44%
10,000 Santander
44%
12,000 Wolverhampton
44%
15,000 Ancona
43%
21,000 Limoges
43%
15,000 Almería
42%
28,000 Besançon
42%
13,000 Burgos
42%
18,000 Le Mans
42%
39,000 Nîmes
42%
15,000 Perth
42%
18,000 Poitiers
42%
16,000 Saint-Etienne
42%
20,000 Lecce
41%
10,000 Perpignan
41%
13,000 Rimini
41%
15,000 Carcassonne
40%
11,000 Cherbourg
40%
17,000 Sassari
40%
12,000 Sunderland
40%
40,000 Tula
40%
15,000 Voronezh
40%
18,000 Brassó
39%
29,000 Cartagena
39%
16,000 Jaén
39%
45,000 Jerez de la Frontera
39%
13,000 Oviedo
39%
16,000 Perugia
39%
15,000 Coimbra
38%
10,000 Ostend
38%
16,000 Tver
38%
11,000 Worcester
38%
12,000 Colmar
37%
19,000 Halle an der Saale
37%
31,000 Leiden
37%
15,000 Namur
37%
25,000 Pavia
37%
22,000 Szeged
37%
15,000 Udine
37%
12,000 Badajoz
36%
13,000 Bradford
36%
13,000 Győr
36%
40,000 İşkodra
36%
10,000 Passau
36%
10,000 Brandenburg an der Havel
35%
10,000 Carlisle
35%
14,000 Reus
35%
20,000 Yanina
35%
14,000 Yenişehr-i Fener
35%
25,000 Cremona
34%
12,000 Flensburg
34%
11,000 Nijmegen
34%
28,000 Piacenza
34%
13,000 ‘s-Hertogenbosch
34%
18,000 Arles
33%
12,000 Bolton
33%
11,000 Colchester
33%
19,000 Leuven
33%
24,000 Troyes
33%
29,000 Vicenza
33%
20,000 Würzburg
33%
20,000 Yaroslavl
33%
19,000 Alessandria
32%
17,000 Foggia
32%
10,000 Monza
32%
12,000 Novara
32%
20,000 Pürzerrin
32%
17,000 Ragusa
32%
13,000 Bayonne
31%
14,000 Benevento
31%
10,000 Boulogne-sur-Mer
31%
12,000 Preston
31%
18,000 Reggio Emilia
31%
11,000 Treviso
31%
16,000 Bourges
29%
10,000 Chios
29%
10,000 Lüneburg
29%
12,000 Ypres
29%
18,000 Agrigento
28%
21,000 Aix-en-Provence
28%
12,000 Castellón de la Plana
28%
17,000 Elche
28%
18,000 Middelburg
28%
10,000 Reichenberg
28%
11,000 Stralsund
28%
21,000 Tournai
28%
17,000 Bamberg
27%
12,000 Barmen
27%
11,000 Bastia
27%
14,000 Elberfeld
27%
16,000 Kilkenny
27%
14,000 Kortrijk
27%
13,000 Leeuwarden
27%
19,000 Rusçuk
27%
10,000 Arad
26%
15,000 Asti
26%
14,000 Béziers
26%
12,000 Blackburn
26%
11,000 Craiova
26%
14,000 Greenwich
26%
13,000 L'Aquila
26%
21,000 Marsala
26%
21,000 Mechelen
26%
20,000 Arras
25%
10,000 Gorizia
25%
14,000 Shrewsbury
25%
10,000 Sumy
25%
11,000 Vitebsk
25%
13,000 Chartres
24%
14,000 Delft
24%
17,000 Dieppe
24%
12,000 Évora
24%
14,000 Nagyszeben
24%
15,000 Setúbal
24%
24,000 Trapani
24%
23,000 Altona
23%
13,000 Cambrai
23%
12,000 Catanzaro
23%
18,000 Dordrecht
23%
18,000 Douai
23%
17,000 Elbing
23%
16,000 Forlì
23%
12,000 Gouda
23%
15,000 Great Yarmouth
23%
17,000 Kaluga
23%
10,000 Lérida
23%
18,000 Lorient
23%
14,000 Miskolc
23%
17,000 Valenciennes
23%
15,000 Zakynthos
23%
18,000 Cuneo
22%
15,000 Eski Zağra
22%
12,000 Fürth
22%
19,000 İslimiye
22%
30,000 Kronstadt
22%
15,000 Manastır
22%
11,000 Nevers
22%
12,000 Oldham
22%
20,000 Oryol
22%
11,000 Penza
22%
20,000 Saint-Omer
22%
10,000 Segovia
22%
12,000 Auxerre
21%
16,000 Barletta
21%
10,000 Emden
21%
21,000 Maria-Theresiapolis
21%
22,000 Montauban
21%
13,000 Salford
21%
25,000 Vidin
21%
12,000 Corleone
20%
10,000 Glogau
20%
10,000 King's Lynn
20%
20,000 Mahón
20%
14,000 Rovigno
20%
13,000 Angoulême
19%
12,000 Beauvais
19%
11,000 Hildesheim
19%
11,000 Iglau
19%
30,000 Serez
19%
11,000 Tourcoing
19%
13,000 Viterbo
19%
11,000 Wigan
19%
15,000 Blois
18%
10,000 Chalon-sur-Saône
18%
19,000 Chioggia
18%
15,000 Faenza
18%
10,000 Hoorn
18%
16,000 İbrâil
18%
10,000 Pesaro
18%
17,000 Şumnu
18%
11,000 Tambov
18%
10,000 Vittoria
18%
10,000 Warrington
18%
11,000 Aalst
17%
18,000 Abbeville
17%
11,000 Gotha
17%
12,000 Matera
17%
31,000 Paisley
17%
11,000 Sint-Niklaas
17%
11,000 Sopron
17%
15,000 Stockport
17%
14,000 Andria
16%
13,000 Chieti
16%
16,000 Lodi
16%
38,000 Lorca
16%
17,000 Monopoli
16%
10,000 Saintes
16%
10,000 Saint-Quentin
16%
11,000 Simbirsk
16%
10,000 Vienne
16%
10,000 Zamora
16%
12,000 Ansbach
15%
11,000 Castrogiovanni
15%
11,000 Chambéry
15%
17,000 Eger
15%
13,000 Gaeta
15%
12,000 Hanau
15%
15,000 Niort
15%
15,000 Rochefort
15%
11,000 Saluzzo
15%
17,000 Selmecbánya
15%
10,000 Szatmárnémeti
15%
12,000 Alençon
14%
29,000 Écija
14%
23,000 Kecskemét
14%
14,000 Laval
14%
11,000 Mâcon
14%
11,000 Ronda
14%
10,000 Tighina
14%
14,000 Trani
14%
13,000 Vercelli
14%
16,000 Caltanissetta
13%
11,000 Châlons-sur-Marne
13%
10,000 Dudley
13%
12,000 Halberstadt
13%
15,000 Newry
13%
11,000 Noto
13%
11,000 Cahors
12%
10,000 Karlskrona
12%
12,000 Nicosia
12%
12,000 Székesfehérvár
12%
16,000 Tortosa
12%
10,000 Verviers
12%
20,000 Antequera
11%
11,000 Avellino
11%
13,000 Gallipoli
11%
12,000 Játiva
11%
28,000 La Isla
11%
10,000 Lier
11%
18,000 Altamura
9%
16,000 Casale Monferrato
9%
10,000 Chatham
9%
12,000 Lokeren
9%
12,000 Macerata
9%
10,000 Sedan
9%
15,000 Zombor
9%
10,000 Arcos de la Frontera
8%
11,000 Fermo
8%
10,000 Le Puy
8%
10,000 Lisieux
8%
11,000 Medina-Sidonia
8%
10,000 Niğbolu
8%
18,000 San Severo
8%
12,000 Vigevano
8%
10,000 Walsall
8%
15,000 Acireale
7%
11,000 Alcoy
7%
10,000 Augusta
7%
10,000 Aurillac
7%
10,000 Bassano
7%
11,000 Bisceglie
7%
15,000 Bitonto
7%
20,000 Caltagirone
7%
14,000 Falaise
7%
17,000 Greenock
7%
20,000 Modica
7%
13,000 Moulins
7%
23,000 Orihuela
7%
10,000 Pazarcık
7%
12,000 Piazza Armerina
7%
16,000 Torre del Greco
7%
11,000 Úbeda
7%
12,000 Afragola
6%
12,000 Ascoli Piceno
6%
14,000 Aversa
6%
15,000 Castres
6%
11,000 Chieri
6%
16,000 El Puerto de Santa María
6%
12,000 Lanciano
6%
11,000 Licata
6%
12,000 Molfetta
6%
11,000 Tarascon
6%
10,000 Békés
5%
20,000 Cava de' Tirreni
5%
23,000 Devonport
5%
12,000 Grasse
5%
12,000 Kilmallock
5%
17,000 Lucena
5%
13,000 Monreale
5%
11,000 Naro
5%
12,000 Nezhin
5%
13,000 Riom
5%
15,000 Sanlúcar de Barrameda
5%
13,000 Alcamo
4%
16,000 Brody
4%
10,000 Carmagnola
4%
17,000 Deptford
4%
13,000 Elvas
4%
16,000 Hódmezővásárhely
4%
10,000 Leonforte
4%
10,000 Lunéville
4%
13,000 Öziçe
4%
11,000 Partanna
4%
10,000 Partinico
4%
10,000 Paternò
4%
12,000 Procida
4%
10,000 Rotherhithe
4%
11,000 Sciacca
4%
10,000 Scicli
4%
14,000 Termini Imerese
4%
11,000 Velletri
4%
11,000 Alcalá la Real
3%
10,000 Békéscsaba
3%
16,000 Canicattì
3%
11,000 Caravaca de la Cruz
3%
10,000 Carmona
3%
15,000 Castelvetrano
3%
10,000 Corato
3%
14,000 Fossano
3%
11,000 Francavilla d'Otranto
3%
10,000 Gyöngyös
3%
10,000 Issoudun
3%
11,000 Jászberény
3%
12,000 Kozlov
3%
11,000 Loja
3%
10,000 Makó
3%
14,000 Martina Franca
3%
14,000 Mascali
3%
11,000 Mistretta
3%
18,000 Mondovì
3%
14,000 Montilla
3%
11,000 Morón de la Frontera
3%
10,000 Osimo
3%
16,000 Osuna
3%
10,000 Pancsova
3%
12,000 Racconigi
3%
12,000 Salemi
3%
13,000 Savigliano
3%
10,000 Terlizzi
3%
14,000 Torre Annunziata
3%
10,000 Versec
3%
12,000 Akhtyrka
2%
10,000 Ariano di Puglia
2%
17,000 Bermondsey
2%
11,000 Comiso
2%
10,000 Maddaloni
2%
11,000 Mazzarino
2%
10,000 Priego de Córdoba
2%
11,000 Sarno
2%
14,000 Tineo
2%
10,000 Calatafimi
1%
10,000 Saddleworth
1%
10,000 Arpino
0%
11,000 Castroreale
0%
15,000 Newington
0%
No matching quizzes found
Score Distribution
Percent of People with Each Score
Percentile by Number Answered
Your Score History
You have not taken this quiz